00341nam a2200145Ia 4500008004100000020001500041041001200056082001600068100001600084245003700100250000800137260002500145300001000170650001500180221030s9999 xx 000 0 und d a007058799X aEnglish a105.23bBho aL. M. Bhole 0aFinancial Institutions & Markets a4th bTMHaNew Delhic2004 a28.42 aManagement